[Event "Championnat de la Loire - Top20"]
[Site "Loire"]
[Date "2009.10.10"]
[Round "1.1"]
[White "Artinyan, Remy"]
[Black "Licata-Messana, Luc"]
[Result "1-0"]
[WhiteElo "2104"]
[BlackElo "1840"]
[PlyCount "79"]

1. e4 e6 2. Nf3 d5 3. e5 c5 4. b4 Qb6 5. bxc5 Bxc5 6. d4 Bf8 7. Bd3 Bd7 8. a4
Nc6 9. c3 Na5 10. O-O Rc8 11. Ng5 f5 12. Ba3 g6 13. Bxf8 Kxf8 14. Bb5 Nc6 15.
Na3 a6 16. Bxc6 Qxc6 17. Qb3 h6 18. Nh3 g5 19. Rfc1 b5 20. axb5 axb5 21. f3 Ne7
22. Nf2 Kf7 23. Nd3 Qb6 24. Nc5 Rxc5 25. dxc5 Qxc5+ 26. Kh1 Ng6 27. Qb4 Qc7 28.
Nxb5 Bxb5 29. Qxb5 Nxe5 30. Ra6 Rb8 31. Qf1 Nc4 32. Qe1 Rb6 33. Rca1 Kf6 34. h4
Qc6 35. Ra8 Qd6 36. h5 f4 37. Rh8 Ne3 38. Rxh6+ Ke5 39. Qd2 Qc5 40. Rg6 1-0

[Event "Championnat de la Loire - Top20"]
[Site "Loire"]
[Date "2009.10.10"]
[Round "1.2"]
[White "Carrot, Patrick"]
[Black "Cizeron, Frederic"]
[Result "1/2-1/2"]
[WhiteElo "1835"]
[BlackElo "2099"]
[PlyCount "76"]

1. e4 e6 2. d4 d5 3. exd5 exd5 4. Nf3 Bg4 5. Bd3 Nc6 6. c3 Bd6 7. Be3 Nge7 8.
O-O Qd7 9. Re1 h5 10. c4 dxc4 11. Bxc4 Qf5 12. Nbd2 g5 13. Qb1 Qxb1 14. Raxb1
Bf5 15. Rbc1 f6 16. Bb5 Kf7 17. a3 a6 18. Ba4 b5 19. Bc2 Bxc2 20. Rxc2 g4 21.
Nh4 Rhd8 22. Ne4 Rd7 23. Nxd6+ cxd6 24. Rec1 Na5 25. Rc7 Ra7 26. Rxd7 Rxd7 27.
Kf1 Ke6 28. Ke2 Kd5 29. Kd3 Rb7 30. g3 Nac6 31. Ng2 Ng6 32. Bf4 Nce7 33. Be3 a5
34. Bd2 Ra7 35. Rc2 a4 36. Rc1 Ke6 37. Ne3 Rb7 38. Rc2 Ra7 1/2-1/2

[Event "Championnat de la Loire - Top20"]
[Site "Loire"]
[Date "2009.10.10"]
[Round "1.3"]
[White "Morice, Ludovic"]
[Black "Walter, Alain"]
[Result "1-0"]
[WhiteElo "2060"]
[BlackElo "1820"]
[PlyCount "73"]

1. c4 c6 2. g3 Nf6 3. Bg2 e6 4. Nf3 d5 5. b3 Be7 6. O-O O-O 7. Bb2 Nbd7 8. Qc2
Rb8 9. d3 c5 10. cxd5 exd5 11. d4 b6 12. Nc3 a6 13. Rfd1 Bb7 14. Rac1 c4 15.
bxc4 dxc4 16. e4 b5 17. d5 Bd6 18. Ne2 Re8 19. Ne1 Ng4 20. h3 Nge5 21. f4 Ng6
22. e5 Bc5+ 23. Bd4 Bxd4+ 24. Nxd4 Qb6 25. Kh2 Nc5 26. Nf5 Rbd8 27. Qf2 Qc7 28.
h4 Bc8 29. d6 Qb6 30. Bh3 Nd7 31. Qxb6 Nxb6 32. Ne7+ Nxe7 33. dxe7 Rd3 34. Nxd3
Nd5 35. Bxc8 Rxc8 36. Nb4 Nxe7 37. Nxa6 1-0

[Event "Championnat de la Loire - Top20"]
[Site "Loire"]
[Date "2009.10.10"]
[Round "1.4"]
[White "Bruel, Bruno"]
[Black "Cursoux, Gerard"]
[Result "0-1"]
[WhiteElo "1800"]
[BlackElo "2000"]
[PlyCount "50"]

1. d4 Nf6 2. c4 g6 3. Nc3 Bg7 4. e4 d6 5. f4 O-O 6. Nf3 c5 7. d5 a6 8. Be2 e6
9. O-O exd5 10. cxd5 b5 11. e5 dxe5 12. fxe5 Ng4 13. Bf4 Re8 14. Ng5 Nxe5 15.
Nce4 h6 16. Bxe5 Bxe5 17. Nxf7 Bxh2+ 18. Kh1 Qh4 19. Nf6+ Kf8 20. Bg4 Be5+ 21.
Bh3 Bxh3 22. Qe1 Bxg2+ 23. Kxg2 Qh2+ 24. Kf3 Bxf6 25. Qd1 Qh5+ 0-1

[Event "Championnat de la Loire - Top20"]
[Site "Loire"]
[Date "2009.10.10"]
[Round "1.5"]
[White "Deville, Olivier"]
[Black "Carteron, Olivier"]
[Result "1/2-1/2"]
[WhiteElo "1998"]
[BlackElo "1800"]
[PlyCount "50"]
[EventDate "2009.??.??"]

1. d4 d5 2. c4 c6 3. Nf3 Nf6 4. Nc3 e6 5. e3 Nbd7 6. Qc2 Bd6 7. b3 Bb4 8. Bd2
O-O 9. Bd3 c5 10. O-O cxd4 11. exd4 b6 12. Ne5 Bb7 13. Bg5 h6 14. Nxd7 Qxd7 15.
Bxf6 gxf6 16. Rfd1 f5 17. Ne2 Qc6 18. f3 dxc4 19. bxc4 Kh8 20. Qb2 Qd6 21. a3
Ba5 22. Qc2 Kh7 23. Ng3 Qxd4+ 24. Kh1 Qf6 25. Rab1 Rfc8 $11 1/2-1/2

[Event "Championnat de la Loire - Top20"]
[Site "Loire"]
[Date "2009.10.10"]
[Round "1.6"]
[White "Jan, Christophe"]
[Black "Guevorkian, Spartak"]
[Result "1-0"]
[WhiteElo "1760"]
[BlackElo "1930"]
[PlyCount "51"]

1. e4 d6 2. d4 Nf6 3. Nc3 Nbd7 4. Be3 c6 5. Bd3 e5 6. h3 Be7 7. Nf3 Qc7 8. O-O
a5 9. a3 O-O 10. Nh2 Re8 11. f4 exf4 12. Bxf4 Bf8 13. Qf3 g6 14. Be3 Bg7 15.
Bc4 Nf8 16. e5 dxe5 17. Ne4 Nd5 18. Bxd5 cxd5 19. Nf6+ Bxf6 20. Qxf6 Ra6 21.
Qf2 e4 22. Bf4 Qe7 23. Be5 Be6 24. Bf6 Qc7 25. Be5 Qd7 26. Qf6 1-0

[Event "Championnat de la Loire - Top20"]
[Site "Loire"]
[Date "2009.10.10"]
[Round "1.7"]
[White "Muller, Anthony"]
[Black "Moleins, Adrien"]
[Result "0-1"]
[WhiteElo "1920"]
[BlackElo "1688"]
[PlyCount "118"]

1. c4 f5 2. Nc3 Nf6 3. g3 e5 4. Bg2 Bc5 5. e3 Nc6 6. Nge2 e4 7. d4 Be7 8. Nf4
Bd6 9. Nfe2 Nb4 10. O-O c6 11. Bd2 Nd3 12. Qb1 Bc7 13. d5 Ne5 14. b3 O-O 15.
Nd4 d6 16. f4 Neg4 17. h3 c5 18. Nxf5 Bxf5 19. hxg4 Nxg4 20. Bxe4 Bxe4 21. Qxe4
Re8 22. Qf3 Qd7 23. Ne4 Qf5 24. Ng5 Qd3 25. Qxg4 Qxd2 26. Ne6 Qxe3+ 27. Kh2 Re7
28. Rae1 Qd2+ 29. Re2 Qd3 30. Rfe1 Rae8 31. Re3 Qg6 32. Qf3 Ba5 33. R1e2 Qf6
34. f5 a6 35. g4 Rf7 36. Rf2 h6 37. Rfe2 Bb4 38. Nf4 Rxe3 39. Qxe3 Bc3 40. Ng6
Be5+ 41. Nxe5 Re7 42. Ng6 Rxe3 43. Rxe3 Qd8 44. Re7 b5 45. Ra7 bxc4 46. bxc4 a5
47. Kg3 Kh7 48. Rd7 Qe8 49. Re7 Qa4 50. Re1 Qa3+ 51. Kf2 Qxa2+ 52. Re2 Qa4 53.
Re7 h5 54. Rf7 hxg4 55. Kg3 Qxc4 56. Kh4 Kh6 57. Ne7 Qd4 58. f6 g5+ 59. Kg3
Qg1# 0-1

[Event "Championnat de la Loire - Top20"]
[Site "Loire"]
[Date "2009.10.10"]
[Round "1.8"]
[White "Minchilli, Franco"]
[Black "Garon, Pierre"]
[Result "0-1"]
[WhiteElo "1670"]
[BlackElo "1916"]
[PlyCount "128"]

1. d4 d5 2. Nf3 e6 3. g3 Nf6 4. Bg2 Be7 5. Nbd2 O-O 6. O-O c6 7. c3 Nbd7 8. Qc2
Re8 9. e4 Nxe4 10. Nxe4 dxe4 11. Qxe4 Qb6 12. Rb1 Nf6 13. Qc2 c5 14. h3 Bd7 15.
Bg5 Bc6 16. dxc5 Qxc5 17. Be3 Qh5 18. Nh2 Bxg2 19. Kxg2 Nd5 20. Qe4 Nxe3+ 21.
Qxe3 b6 22. Rbd1 Rad8 23. Qf3 Qc5 24. Ng4 a5 25. Rfe1 h6 26. Rxd8 Bxd8 27. Ne5
f6 28. Nd3 Qc4 29. a3 e5 30. Nf4 e4 31. Qh5 Re5 32. Qd1 Qc7 33. Ng6 Re8 34.
Qd5+ Qf7 35. Qf5 Qe6 36. Qxe6+ Rxe6 37. Rd1 Be7 38. Rd7 Kf7 39. Nf4 Rd6 40.
Rxd6 Bxd6 41. Nd5 b5 42. f3 exf3+ 43. Kxf3 Ke6 44. Ne3 Bc5 45. Nc2 a4 46. Ne1
Kd5 47. Nd3 Kc4 48. Ke2 f5 49. Nc1 Bd6 50. Kf3 g5 51. Ne2 Be5 52. g4 f4 53. Ke4
Bd6 54. Nc1 Bc5 55. Ne2 Be3 56. Nd4 Bc1 57. Nf5 Bxb2 58. Nxh6 Bxa3 59. Nf7 Be7
60. h4 gxh4 61. Kxf4 a3 62. g5 a2 63. g6 a1=Q 64. g7 Qf1+ 0-1

[Event "Championnat de la Loire - Top20"]
[Site "Loire"]
[Date "2009.10.10"]
[Round "1.9"]
[White "Massard, Christian"]
[Black "Vier, Serge"]
[Result "1-0"]
[WhiteElo "1910"]
[BlackElo "1660"]
[PlyCount "47"]

1. Nf3 d5 2. c4 c6 3. cxd5 cxd5 4. d4 Nf6 5. Nc3 Bf5 6. Qb3 Qd7 7. Ne5 Qc7 8.
Nxd5 Nxd5 9. Qxd5 e6 10. Qb5+ Nd7 11. Bd2 a6 12. Qxd7+ Qxd7 13. Nxd7 Kxd7 14.
e3 Bd6 15. Be2 Rhc8 16. Bc3 b5 17. a3 Bc2 18. O-O Bb3 19. Rfc1 Bc4 20. Bf3 Ra7
21. e4 Bf4 22. Re1 g6 23. d5 exd5 24. Bg4+ 1-0

[Event "Championnat de la Loire - Top20"]
[Site "Loire"]
[Date "2009.10.10"]
[Round "1.10"]
[White "Pareux, Marc"]
[Black "Poncet, Alain"]
[Result "1/2-1/2"]
[WhiteElo "1580"]
[BlackElo "1877"]
[PlyCount "31"]

1. d4 f5 2. e4 fxe4 3. Nc3 Nf6 4. f3 e3 5. Bxe3 e6 6. Ne4 Be7 7. Qd2 b6 8. Ne2
Ba6 9. N2g3 Bxf1 10. Rxf1 Na6 11. Nxf6+ Bxf6 12. O-O-O d5 13. Nh5 c5 14. Nxf6+
Qxf6 15. c3 O-O 16. Rfe1 $11 1/2-1/2

[Event "Championnat de la Loire - Top20"]
[Site "Loire"]
[Date "2009.11.14"]
[Round "2.1"]
[White "Garon, Pierre"]
[Black "Artinyan, Remy"]
[Result "1/2-1/2"]
[WhiteElo "1916"]
[BlackElo "2104"]
[PlyCount "28"]
[EventDate "2009.??.??"]

1. d4 f5 2. Nc3 e6 3. f3 Bd6 4. Be3 Nf6 5. Qd2 c6 6. Bg5 O-O 7. e4 fxe4 8. fxe4
e5 9. Bc4+ Kh8 10. Nf3 Qe8 11. O-O-O b5 12. dxe5 Bxe5 13. Nxe5 Qxe5 14. Bf4 Qe8
1/2-1/2

[Event "Championnat de la Loire - Top20"]
[Site "Loire"]
[Date "2009.11.14"]
[Round "2.2"]
[White "Moleins, Adrien"]
[Black "Morice, Ludovic"]
[Result "1-0"]
[WhiteElo "1688"]
[BlackElo "2060"]
[PlyCount "95"]
[EventDate "2009.??.??"]

1. e4 e6 2. d4 d5 3. e5 Qd7 4. f4 b6 5. Nf3 Ba6 6. Bxa6 Nxa6 7. Qe2 Nb8 8. O-O
g6 9. c4 dxc4 10. Qxc4 Ne7 11. Nc3 Nbc6 12. Be3 Rd8 13. Bf2 Nd5 14. Rac1 Na5
15. Nxd5 exd5 16. Qxc7 Be7 17. Bh4 Bxh4 18. Qxd7+ Kxd7 19. Nxh4 Rc8 20. Nf3 h6
21. f5 gxf5 22. Nh4 Rxc1 23. Rxc1 Ke6 24. Rf1 Rc8 25. Nxf5 Rc2 26. Nxh6 Rxb2
27. Rf6+ Ke7 28. Rxf7+ Ke6 29. Rc7 Rxa2 30. g4 Nc4 31. Nf7 Nxe5 32. Nxe5 Ra4
33. Kf2 Rxd4 34. Re7+ Kd6 35. g5 Re4 36. g6 Kxe7 37. g7 Rxe5 38. g8=Q Re6 39.
Qg7+ Kd6 40. Qxa7 Ke5 41. Ke3 d4+ 42. Kd3 Kd5 43. Qa2+ Ke5 44. Qe2+ Kd6 45. Qg4
Re5 46. Qg6+ Kc7 47. h4 Kb7 48. h5 1-0

[Event "Championnat de la Loire - Top20"]
[Site "Loire"]
[Date "2009.11.14"]
[Round "2.3"]
[White "Cursoux, Gerard"]
[Black "Massard, Christian"]
[Result "0-1"]
[WhiteElo "2000"]
[BlackElo "1910"]
[PlyCount "110"]
[EventDate "2009.??.??"]

1. e4 c6 2. d4 d5 3. exd5 cxd5 4. c4 Nf6 5. Nc3 Nc6 6. c5 Bf5 7. Nf3 a6 8. a3
e6 9. b4 Be7 10. Na4 Qc7 11. Nb6 Rb8 12. Bb2 Nd7 13. Nxd7 Qxd7 14. Bd3 Bxd3 15.
Qxd3 Bf6 16. O-O O-O 17. Rfe1 g6 18. Re2 Qc7 19. Bc3 Ra8 20. a4 Rfc8 21. Rea2
Qd8 22. Qd2 Qe8 23. b5 Na7 24. c6 Rab8 25. c7 Ra8 26. b6 Nc6 27. a5 Qe7 28. Rc1
Kg7 29. Ba1 Qd6 30. Rac2 Ne7 31. g4 h6 32. Bc3 Nc6 33. Bb2 Ne7 34. Ra1 Qd7 35.
Ba3 Rh8 36. Rac1 Rac8 37. h4 Kh7 38. Qf4 Bg7 39. Kg2 Ng8 40. Bd6 Nf6 41. Be5
Ne4 42. g5 h5 43. Bxg7 Kxg7 44. Ne5 Qe7 45. Qe3 Rhf8 46. f4 Nd6 47. Qa3 f6 48.
Nf3 fxg5 49. fxg5 Rf4 50. Qe3 Re4 51. Qd3 Rg4+ 52. Kh3 Ne4 53. Rg2 Qf8 54. Qe3
Qf5 55. Ne5 Rg3+ 0-1

[Event "Championnat de la Loire - Top20"]
[Site "Loire"]
[Date "2009.11.14"]
[Round "2.4"]
[White "Cizeron, Frederic"]
[Black "Jan, Christophe"]
[Result "1-0"]
[WhiteElo "2099"]
[BlackElo "1760"]
[PlyCount "65"]
[EventDate "2009.??.??"]

1. d4 d5 2. Nf3 Nf6 3. c4 e6 4. Nc3 c6 5. cxd5 exd5 6. Bg5 Be7 7. Qc2 Nbd7 8.
e3 O-O 9. Bd3 h6 10. Bh4 Re8 11. O-O Ne4 12. Bxe7 Qxe7 13. Rab1 Ng5 14. Nxg5
Qxg5 15. b4 Nf6 16. b5 Bh3 17. f4 Qxg2+ 18. Qxg2 Bxg2 19. Kxg2 Rxe3 20. Rf3
Rae8 21. bxc6 bxc6 22. Na4 g6 23. Nc5 Kf8 24. Rb7 R3e7 25. Ba6 h5 26. h3 h4 27.
Rxe7 Kxe7 28. Re3+ Kd6 29. Rxe8 Nxe8 30. Kf3 f5 31. Nd3 Nc7 32. Bc8 Ne6 33.
Bxe6 1-0

[Event "Championnat de la Loire - Top20"]
[Site "Loire"]
[Date "2009.11.14"]
[Round "2.5"]
[White "Carrot, Axel"]
[Black "Deville, Olivier"]
[Result "0-1"]
[WhiteElo "1485"]
[BlackElo "1998"]
[PlyCount "84"]
[EventDate "2009.??.??"]

1. e4 c5 2. Nf3 e6 3. d4 cxd4 4. Nxd4 a6 5. Bd3 Bc5 6. Nb3 Be7 7. Nc3 Qc7 8. a3
Nf6 9. Bg5 d6 10. f4 Nbd7 11. Qf3 b6 12. e5 Bb7 13. Be4 Nxe4 14. Bxe7 Kxe7 15.
Nxe4 dxe5 16. Qe2 exf4 17. O-O Rac8 18. c3 Qc4 19. Qxc4 Rxc4 20. Nbd2 Rxe4 21.
Nxe4 Bxe4 22. Rxf4 Bg6 23. Rd1 e5 24. Rc4 Nc5 25. b4 Nd3 26. Rc6 Rb8 27. Rxg6
hxg6 28. Rxd3 b5 29. Kf2 f5 30. Ke2 Rb6 31. Rd5 e4 32. Rc5 Kd6 33. Rc8 Rc6 34.
Ra8 Kd5 35. Kd2 Kc4 36. Kc2 Kd5 37. Kd2 f4 38. Re8 e3+ 39. Kd3 Re6 40. Rd8+ Ke5
41. c4 bxc4+ 42. Kxc4 e2 0-1

[Event "Championnat de la Loire - Top20"]
[Site "Loire"]
[Date "2009.11.13"]
[Round "2.6"]
[White "Poncet, Alain"]
[Black "Carrot, Patrick"]
[Result "1-0"]
[WhiteElo "1877"]
[BlackElo "1835"]
[PlyCount "65"]
[EventDate "2009.??.??"]

1. c4 Nf6 2. Nc3 g6 3. g3 Bg7 4. Bg2 c5 5. d3 Nc6 6. e3 O-O 7. Nge2 d6 8. O-O
Rb8 9. Rb1 Bd7 10. a3 a6 11. Re1 b5 12. cxb5 axb5 13. b4 cxb4 14. axb4 Qb6 15.
d4 Rfc8 16. Qd3 Kf8 17. e4 h6 18. Be3 Ng4 19. d5 Nce5 20. Bxb6 Nxd3 21. Red1
Rxb6 22. Rxd3 Ra6 23. f4 Ra3 24. Rc1 Rc4 25. h3 Nf6 26. Rd4 Rxd4 27. Nxd4 Nxd5
28. Ncxb5 Nxb4 29. Nxa3 Bxd4+ 30. Kf1 Bb2 31. Rc7 Ke8 32. Ra7 Na6 33. Ra8+ 1-0

[Event "Championnat de la Loire - Top20"]
[Site "Loire"]
[Date "2009.11.14"]
[Round "2.7"]
[White "Carteron, Olivier"]
[Black "Aumont-Mathieu, Georges"]
[Result "0-1"]
[WhiteElo "1800"]
[BlackElo "1840"]
[PlyCount "26"]
[EventDate "2009.??.??"]

1. e4 e5 2. Nf3 Nc6 3. Bc4 Nf6 4. Ng5 d5 5. exd5 Bc5 6. Nxf7 Kxf7 7. dxc6+ Kg6
8. O-O Ng4 9. Nc3 Qh4 10. h3 Nxf2 11. Rxf2 Bxf2+ 12. Kh1 Bxh3 13. Qf3 Bg4+ 0-1

[Event "Championnat de la Loire - Top20"]
[Site "Loire"]
[Date "2009.11.14"]
[Round "2.9"]
[White "Vier, Serge"]
[Black "Muller, Anthony"]
[Result "0-1"]
[WhiteElo "1660"]
[BlackElo "1920"]
[PlyCount "114"]
[EventDate "2009.??.??"]

1. d4 e6 2. c4 Nf6 3. Nf3 b6 4. g3 Bb7 5. Bg2 Be7 6. O-O O-O 7. Nc3 Re8 8. Qc2
d5 9. Ne5 Nc6 10. cxd5 Nb4 11. Qb3 Nbxd5 12. Re1 c5 13. dxc5 Bxc5 14. Nd3 Bd6
15. Bg5 Be7 16. Rac1 Qb8 17. Nxd5 Bxd5 18. Bxd5 Nxd5 19. Bxe7 Nxe7 20. Nb4 Qb7
21. Qc4 Rac8 22. Qa6 $11 Qxa6 23. Nxa6 Nd5 24. e4 Nf6 25. f3 Kf8 26. Kf2 Ke7
27. Red1 Red8 28. Ke2 Rxd1 29. Rxd1 Rc4 30. b3 Rc2+ 31. Rd2 Rxd2+ 32. Kxd2 Kd6
33. Nb4 Nd7 34. Nd3 e5 35. Kc3 g6 36. g4 Nf8 37. a3 Ne6 38. b4 Nd4 39. Ne1 f5
40. gxf5 gxf5 41. exf5 Nxf5 42. Kd3 Ke6 43. Ke4 Nd6+ 44. Kd3 Kf5 45. Ng2 b5 46.
Kc3 h5 47. Kd3 Nc4 48. a4 Nb2+ 49. Kc2 Nxa4 50. Kd3 Nb2+ 51. Kc3 Nc4 52. Kd3 a6
53. Ke2 e4 54. fxe4+ Kxe4 55. h4 Ne5 56. Ne3 Ng6 57. Ng2 Nf4+ 0-1

[Event "Championnat de la Loire - Top20"]
[Site "Loire"]
[Date "2009.11.14"]
[Round "2.10"]
[White "Licata-Messana, Luc"]
[Black "Bruel, Bruno"]
[Result "1-0"]
[WhiteElo "1840"]
[BlackElo "1800"]
[PlyCount "95"]
[EventDate "2009.??.??"]

1. Nf3 Nf6 2. c4 c6 3. g3 d5 4. d4 Bf5 5. cxd5 cxd5 6. Qb3 b6 7. Bg2 e6 8. Na3
Be7 9. Ne5 O-O 10. O-O Nfd7 11. Nd3 Nc6 12. e3 Nf6 13. f3 Qb8 14. Qd1 Rc8 15.
Nc2 a6 16. Qe2 Qd6 17. g4 Bg6 18. f4 Be4 19. Nce1 Ra7 20. Bd2 Rac7 21. a3 Qd8
22. Ne5 Bf8 23. h3 a5 24. N1f3 Ne7 25. Bc3 g6 26. Ng5 Nc6 27. Ngf3 Rb7 28. Nxc6
Rxc6 29. Qb5 Qc8 30. Rac1 Ne8 31. Ne5 Nd6 32. Qxc6 Rc7 33. Qxb6 f6 34. Nf3 Nc4
35. Qb3 Nxe3 36. Rfe1 Rb7 37. Qa2 Nc4 38. Bxa5 Rxb2 39. Rxc4 Qb7 40. Rc7 Qb5
41. Qa1 Bxf3 42. Bxf3 Qxa5 43. Qxb2 Qxe1+ 44. Kg2 Bd6 45. Qb8+ Bf8 46. Qb5 Bd6
47. Qe8+ Bf8 48. Qf7+ 1-0

[Event "Championnat de la Loire - Top20"]
[Site "Loire"]
[Date "2009.11.14"]
[Round "2.11"]
[White "Walter, Alain"]
[Black "Minchilli, Franco"]
[Result "1-0"]
[WhiteElo "1820"]
[BlackElo "1670"]
[PlyCount "105"]
[EventDate "2009.??.??"]

1. e4 e5 2. Nf3 Nf6 3. Nxe5 d6 4. Nf3 Nxe4 5. d4 d5 6. Bd3 Be7 7. O-O Nc6 8. c3
O-O 9. Re1 f5 10. Bf4 Bd6 11. Bxd6 Qxd6 12. Nbd2 Ne7 13. Ne5 Ng6 14. Ndf3 b6
15. Nxg6 Qxg6 16. Ne5 Qg5 17. f3 Nd6 18. Qc2 h5 19. Re2 a5 20. Rae1 Ba6 21.
Bxa6 Rxa6 22. Qb3 c6 23. Nxc6 Nc4 24. Qb5 Nd2 25. Ne5 Raa8 26. Qxd5+ Kh7 27.
Qb5 Rae8 28. Qd3 Nxf3+ 29. Nxf3 Qg6 30. Rxe8 Rxe8 31. Rxe8 Qxe8 32. Qxf5+ Kh8
33. Ne5 Kg8 34. h4 Qe7 35. Qxh5 Qf6 36. Qe8+ Kh7 37. h5 Qf4 38. Qg6+ Kg8 39.
Qe6+ Kh7 40. Nf3 Qc1+ 41. Kh2 Qf4+ 42. Kh3 b5 43. Qg6+ Kh8 44. Qg5 Qd6 45. Qxb5
Qe6+ 46. Kh2 Qe3 47. Qxa5 Qf4+ 48. Kh3 Kh7 49. Qe5 Qc1 50. Ng5+ Kh6 51. Nf7+
Kh7 52. Qe4+ Kg8 53. Qe8+ 1-0

[Event "Championnat de la Loire - Top20"]
[Site "Loire"]
[Date "2009.12.19"]
[Round "3.1"]
[White "Massard, Christian"]
[Black "Moleins, Adrien"]
[Result "0-1"]
[WhiteElo "1910"]
[BlackElo "1701"]
[PlyCount "62"]
[EventDate "2009.??.??"]

1. Nf3 f5 2. c4 d6 3. d4 e6 4. g3 Nf6 5. Nc3 Be7 6. Bg2 O-O 7. O-O Nc6 8. Re1
Ne4 9. Nxe4 fxe4 10. Nd2 d5 11. cxd5 exd5 12. Nb3 a5 13. e3 Nb4 14. Bf1 Bd6 15.
Bd2 Qf6 16. Qe2 Nd3 17. Reb1 Qxf2+ 18. Qxf2 Nxf2 19. Bxa5 Bh3 20. Bxh3 Nxh3+
21. Kg2 Nf2 22. Bd2 Nd3 23. Bc1 Rf2+ 24. Kh3 Raf8 25. a3 h5 26. Nd2 g5 27. b4
g4+ 28. Kh4 Rxh2+ 29. Kg5 Be7+ 30. Kg6 Rf6+ 31. Kg5 Ra6+ 0-1

[Event "Championnat de la Loire - Top20"]
[Site "Loire"]
[Date "2009.12.19"]
[Round "3.2"]
[White "Artinyan, Remy"]
[Black "Poncet, Alain"]
[Result "1/2-1/2"]
[WhiteElo "2125"]
[BlackElo "1863"]
[PlyCount "38"]
[EventDate "2009.??.??"]

1. d4 Nf6 2. Nf3 d5 3. c4 c6 4. Nc3 Bf5 5. Bg5 Nbd7 6. cxd5 cxd5 7. Qb3 e6 8.
h3 Be7 9. g4 Bg6 10. Bg2 Qb6 11. Qxb6 Nxb6 12. Ne5 O-O 13. O-O Rfe8 14. Rac1 a6
15. Bxf6 gxf6 16. Nf3 Rac8 17. Nd2 Nc4 18. Nxc4 Rxc4 19. e3 Rec8 $11 1/2-1/2

[Event "Championnat de la Loire - Top20"]
[Site "Loire"]
[Date "2009.12.19"]
[Round "3.3"]
[White "Aumont-Mathieu, Georges"]
[Black "Cizeron, Frederic"]
[Result "1/2-1/2"]
[WhiteElo "1840"]
[BlackElo "2107"]
[PlyCount "92"]
[EventDate "2009.??.??"]

1. e4 e6 2. d4 d5 3. Nd2 c5 4. Ngf3 cxd4 5. exd5 Qxd5 6. Bc4 Qd6 7. Qe2 Nf6 8.
O-O Nc6 9. Re1 Qc7 10. a3 a6 11. Ne4 b5 12. Bd3 Bb7 13. Bd2 Nxe4 14. Bxe4 Bd6
15. c4 bxc4 16. Qxc4 Rc8 17. Rac1 Qb8 18. Qa4 Kd7 19. Nxd4 Qa8 20. Rc2 e5 21.
Nf5 g6 22. Nxd6 Kxd6 23. Bb4+ Ke6 24. Qb3+ Kf6 25. f4 Nd4 26. fxe5+ Kg7 27.
Rxc8 Qxc8 28. Bxb7 Nxb3 29. Bxc8 Rxc8 30. e6 f6 31. Bc3 Re8 32. e7 Nc5 33. b4
Nd7 34. Re6 a5 35. bxa5 Kf7 36. Rd6 Kxe7 37. Bb4 Kd8 38. a6 Kc7 39. a7 Ra8 40.
Re6 $11 Rxa7 41. Bd6+ Kb7 42. Re7 Kc6 43. Bb4 h5 44. Kf2 $11 Kd5 45. Ke3 Rc7
46. h3 g5 $11 1/2-1/2

[Event "Championnat de la Loire - Top20"]
[Site "Loire"]
[Date "2009.12.19"]
[Round "3.4"]
[White "Deville, Olivier"]
[Black "Garon, Pierre"]
[Result "0-1"]
[WhiteElo "1991"]
[BlackElo "1923"]
[PlyCount "102"]
[EventDate "2009.??.??"]

1. c4 e5 2. Nc3 c5 3. g3 Nc6 4. Bg2 g6 5. d3 Bg7 6. Nf3 Nf6 7. O-O O-O 8. a3 d6
9. Rb1 Qd7 10. b4 Rb8 11. Bd2 b6 12. b5 Ne7 13. e4 Nh5 14. a4 f5 15. Nd5 Nf6
16. Nxf6+ Bxf6 17. Bh6 Bg7 18. Qd2 Qe6 19. a5 Qf6 20. axb6 axb6 21. Bg5 Qf7 22.
Ra1 Bf6 23. Bxf6 Qxf6 24. Qh6 Rf7 25. Ng5 Rg7 26. Ra7 Bb7 27. Rfa1 Nc8 28. R7a2
Ne7 29. Ra7 Nc8 30. R7a2 Re7 31. h4 Rg7 32. Bh3 Ne7 33. Bg2 Kh8 34. Nh3 fxe4
35. dxe4 Qe6 36. Qc1 Ng8 37. Ng5 Qf6 38. Qa3 h6 39. Nh3 Qf7 40. Qd3 Qe6 41. f3
Nf6 42. g4 Ne8 43. Kh2 Rf7 44. Ra7 Ng7 45. Rd1 Rd8 46. Bf1 Qe7 47. Kg3 Ne6 48.
Ng1 Nd4 49. Ne2 Rxf3+ 50. Qxf3 Nxf3 51. Kxf3 Bxe4+ 0-1

[Event "Championnat de la Loire - Top20"]
[Site "Loire"]
[Date "2009.12.19"]
[Round "3.5"]
[White "Morice, Ludovic"]
[Black "Pareux, Marc"]
[Result "1/2-1/2"]
[WhiteElo "2065"]
[BlackElo "1580"]
[PlyCount "40"]
[EventDate "2009.??.??"]

1. e4 g6 2. d4 Bg7 3. Nc3 c6 4. Nf3 d5 5. Be3 Bg4 6. h3 Bxf3 7. Qxf3 e6 8. e5
Nd7 9. O-O-O Qa5 10. Kb1 a6 11. g4 Ne7 12. Bg2 Nb6 13. Qg3 Nc4 14. Bc1 c5 15.
f4 cxd4 16. Rxd4 b5 17. Rf1 Rc8 18. Rd3 b4 19. Ne2 Nc6 20. Qh4 Qc5 $11 1/2-1/2

[Event "Championnat de la Loire - Top20"]
[Site "Loire"]
[Date "2009.12.19"]
[Round "3.6"]
[White "Jan, Christophe"]
[Black "Cursoux, Gerard"]
[Result "0-1"]
[WhiteElo "1760"]
[BlackElo "2000"]
[PlyCount "78"]
[EventDate "2009.??.??"]

1. e4 c5 2. Nf3 d6 3. d4 cxd4 4. Nxd4 Nf6 5. Nc3 a6 6. Be2 e5 7. Nf3 Be7 8. h3
Qc7 9. Be3 b5 10. a3 Bb7 11. Bd3 Nbd7 12. Qe2 Nc5 13. Bd2 O-O 14. O-O Nxd3 15.
cxd3 Ne8 16. Rac1 Qd7 17. Rfd1 f5 18. Be3 Qe6 19. Rc2 Qg6 20. Bd2 Rd8 21. Re1
Rd7 22. Qe3 Bd8 23. Kh2 Rdf7 24. Rg1 Qh5 25. Bc1 Nc7 26. Ne1 fxe4 27. Nxe4 Ne6
28. g4 Qg6 29. f3 Nd4 30. Rf2 h6 31. g5 h5 32. h4 Nf5 33. Qe2 Bb6 34. Rfg2
Bxg1+ 35. Rxg1 Nd4 36. Qe3 Nxf3+ 37. Nxf3 Rxf3 38. Qb6 Bxe4 39. dxe4 Qxe4 0-1

[Event "Championnat de la Loire - Top20"]
[Site "Loire"]
[Date "2009.12.19"]
[Round "3.7"]
[White "Muller, Anthony"]
[Black "Licata-Messana, Luc"]
[Result "1-0"]
[WhiteElo "1920"]
[BlackElo "1840"]
[PlyCount "83"]
[EventDate "2009.??.??"]

1. c4 e5 2. g3 Nf6 3. Bg2 d5 4. cxd5 Nxd5 5. Nc3 Nb6 6. d3 Nc6 7. Nf3 Be7 8.
O-O O-O 9. a3 Be6 10. b4 f6 11. Nd2 Nd5 12. Nxd5 Bxd5 13. Bxd5+ Qxd5 14. Qb3
Rfd8 15. Qxd5+ Rxd5 16. Ne4 Nd4 17. Nc3 Rd7 18. Be3 Nc2 19. Rab1 Nxe3 20. fxe3
c5 21. e4 cxb4 22. axb4 Bd8 23. Nd5 a5 24. bxa5 Rxa5 25. Rb3 b5 26. Rc1 Kf7 27.
Rc8 Ke6 28. Rb8 f5 29. Nc3 fxe4 30. Nxe4 Rd5 31. Nc3 Rd6 32. R3xb5 Rxb5 33.
Rxb5 Bb6+ 34. Kg2 g6 35. Ne4 Rc6 36. Ng5+ Kf5 37. Nxh7 Be3 38. Kf3 Bb6 39. g4+
Ke6 40. Ke4 Bc5 41. Ng5+ Kd7 42. Nf3 1-0

[Event "Championnat de la Loire - Top20"]
[Site "Loire"]
[Date "2009.12.19"]
[Round "3.8"]
[White "Carrot, Patrick"]
[Black "Walter, Alain"]
[Result "1-0"]
[WhiteElo "1835"]
[BlackElo "1820"]
[PlyCount "84"]
[EventDate "2009.??.??"]

1. e4 e5 2. Nf3 Nc6 3. Bb5 Nge7 4. c3 g6 5. d4 Bg7 6. d5 Nb8 7. c4 O-O 8. O-O
d6 9. h3 f5 10. Nc3 f4 11. b4 Nd7 12. Ba3 a5 13. Rb1 axb4 14. Bxb4 b6 15. Ng5
Nf6 16. Ne6 Bxe6 17. dxe6 Qc8 18. Nd5 Nfxd5 19. cxd5 Rxa2 20. Rc1 Qb7 21. Qb3
Ra7 22. f3 Bf6 23. Rc4 Nc8 24. Rfc1 Bd8 25. Qc2 Ne7 26. Be1 g5 27. h4 h6 28.
hxg5 hxg5 29. g3 fxg3 30. Qg2 Rf6 31. Bxg3 Ng6 32. R4c3 Kg7 33. Kf2 g4 34. R1c2
Nf4 35. Bxf4 Rxf4 36. Ke2 Bg5 37. fxg4 c5 38. dxc6 Qa8 39. Bd3 Qe8 40. c7 Ra8
41. c8=Q Rxc8 42. Rxc8 Qxe6 1-0

[Event "Championnat de la Loire - Top20"]
[Site "Loire"]
[Date "2009.12.19"]
[Round "3.9"]
[White "Carrot, Axel"]
[Black "Carteron, Olivier"]
[Result "1/2-1/2"]
[WhiteElo "1485"]
[BlackElo "1800"]
[PlyCount "35"]
[EventDate "2009.??.??"]

1. e4 e6 2. d4 d5 3. exd5 exd5 4. Bd3 Bd6 5. Nf3 Bg4 6. Nbd2 Nc6 7. c3 Qe7+ 8.
Qe2 Qxe2+ 9. Bxe2 Nf6 10. O-O Ne4 11. Re1 f5 12. Ng5 Bxe2 13. Rxe2 O-O 14. Nb3
Nxg5 15. Bxg5 Rae8 16. Rae1 Rxe2 17. Rxe2 h6 18. Bd2 1/2-1/2